Oski : Maestro del humor en nuestras indias /
Bewaard in:
| Hoofdauteur: | |
|---|---|
| Formaat: | Onbekend |
| Taal: | Spanish |
| Onderwerpen: | |
| Tags: |
Voeg label toe
Geen labels, Wees de eerste die dit record labelt!
|
MARC
| LEADER | 000000000a22000000004500 | ||
|---|---|---|---|
| 001 | 002493 | ||
| 041 | 0 | |a spa | |
| 100 | 1 | |a Homen, Diego | |
| 245 | 1 | 0 | |a Oski : |b Maestro del humor en nuestras indias / |c Diego Homen. |
| 310 | |a trimestral | ||
| 650 | 4 | |a CONTI, OSCAR | |
| 650 | 4 | |a BIOGRAFIA | |
| 650 | 4 | |a OBRAS | |
| 650 | 4 | |a LA VERA HISTORIA DE INDIAS | |
| 650 | 4 | |a HUMORISMO HISTORICO | |
| 650 | 4 | |a CARICATURA INDIA | |
| 650 | 4 | |a CARICATURA LATINOAMERICANA | |
| 650 | 4 | |a COMIC LATINOAMERICANO | |
| 650 | 4 | |a TIRAS COMICAS | |
| 773 | 0 | |d España : CEXECI |t Con Eñe: Revista de cultura hispanoamericana |g número 1 (1997), páginas 31-33 | |
| 942 | |c ARC | ||
| 999 | |c 9909 |d 9909 | ||
